000 00508nam a2200181Ia 4500
008 151018s9999 xx 000 0 und d
082 _bRBASDV49976
_a591
100 _aबाळ सामंत
245 _aगजराज
250 _b1
260 _bपरचुरे प्रकाशन मुंबई
_c2002
300 _a248
600 _aबाळ सामंत
630 _aगजराज
700 _aबाळ सामंत
730 _aगजराज
942 _cBOOK
999 _c1048965
_d1048962